000 00530nam a22001817a 4500
005 20150729120421.0
010 _aENG-113122
020 _a9789384878771
_c199.00
035 _aEN-96654
037 _bDBAD/PUB
082 _aS
100 _aSabuwala, Shabbir
245 _aThe growing years :
_ban inspirational story of success /
_cby Shabbir Sabuwala
260 _aChennai
_bNotion Press
_c2015
270 _a5 Muthu Kalathy Street, Triplicane,
_bChennai
_e600005
300 _axiv,201p.
_c21cm(pbk)
942 _2ddc
_cEN
_mSAB
_hS
999 _c93766
_d93766